Take a break (Record no. 71458)

MARC details
000 -LEADER
fixed length control field 01302cam a2200265 4500
001 - CONTROL NUMBER
control field ABS66070
008 - FIXED-LENGTH DATA ELEMENTS--GENERAL INFORMATION
fixed length control field 021028n2002 000 0 eng u
035 ## - SYSTEM CONTROL NUMBER
System control number (Sirsi) u120274
100 ## - MAIN ENTRY--PERSONAL NAME
Personal name Marks, S.
245 ## - TITLE STATEMENT
Title Take a break
260 ## - PUBLICATION, DISTRIBUTION, ETC.
Date of publication, distribution, etc. 2002
490 ## - SERIES STATEMENT
Series statement Solicitors' Journal
Volume/sequential designation 146(35) 20 September 2002, 826-827(2)
520 ## - SUMMARY, ETC.
Summary, etc. Examines the issues and case law affecting break options which have become very popular for landlords and tenants in modern commercial leases. Discusses in some detail the following areas:conditional break options; the significance of the date of the break notice and the rent payment dates under the lease; and the situation with headleases and underleases. Concludes by advising landlords, tenants and legal advisers to fully understand the effect of the wording of each individual break option to avoid legal battles. Case law.
590 ## - LOCAL NOTE (RLIN)
Local note ABS
650 ## - SUBJECT ADDED ENTRY--TOPICAL TERM
Topical term or geographic name entry element BREAK OPTIONS
650 ## - SUBJECT ADDED ENTRY--TOPICAL TERM
Topical term or geographic name entry element REED PERSONNEL SERVICES V AMERICAN EXPRESS EUROPE
650 ## - SUBJECT ADDED ENTRY--TOPICAL TERM
Topical term or geographic name entry element WILLIAM HILL (FOOTBALL) V WILLEN KEY AND HARDWARE
650 ## - SUBJECT ADDED ENTRY--TOPICAL TERM
Topical term or geographic name entry element CREDIT LYONNAIS SA V RUSSELL JONES AND WALKER
650 ## - SUBJECT ADDED ENTRY--TOPICAL TERM
Topical term or geographic name entry element BARRETT V MORGAN
650 ## - SUBJECT ADDED ENTRY--TOPICAL TERM
Topical term or geographic name entry element COMMERCIAL LEASES
650 ## - SUBJECT ADDED ENTRY--TOPICAL TERM
Topical term or geographic name entry element HEADLEASES
650 ## - SUBJECT ADDED ENTRY--TOPICAL TERM
Topical term or geographic name entry element UNDERLEASES
690 ## - LOCAL SUBJECT ADDED ENTRY--TOPICAL TERM (OCLC, RLIN)
Topical term or geographic name as entry element LANDLORD AND TENANT-BUSINESS TENANCIES
942 ## - ADDED ENTRY ELEMENTS (KOHA)
Suppress in OPAC 0
Holdings
Withdrawn status Lost status Source of classification or shelving scheme Damaged status Not for loan Home library Current library Shelving location Date acquired Total Checkouts Full call number Barcode Date last seen Copy number Price effective from Koha item type
    Dewey Decimal Classification     London London Journal article 28/10/2002   ABS66070 120274-1001 06/08/2019 1 06/08/2019 Journal article